000 00526nam a22001817a 4500
005 20241120103737.0
008 241120b |||||||| |||| 00| 0 eng d
020 _a9780702104664
041 _aEnglish
082 _a346.6 SVH
100 _lEnglish
245 _aGuide to the Companies Act and Regulations /
_cT Schoeman
250 _aFirst Edition
260 _aCape Town:
_bJuta and Company Ltd,
_c1973
300 _b130 pages;
_c26 cm.
650 _aLegal practice
_bLaw
942 _cBK
_6ALISON_BN_VRIES
999 _c3247
_d3247